LEADER 03472nam 22003853 450 001 9910480548203321 005 20210901203343.0 010 $a1-928314-16-3 035 $a(CKB)4100000009513022 035 $a(MiAaPQ)EBC6321105 035 $a(Au-PeEL)EBL6321105 035 $a(OCoLC)1152285984 035 $a(EXLCZ)994100000009513022 100 $a20210901d2016 uy 0 101 0 $aafr 135 $aurcnu|||||||| 181 $ctxt$2rdacontent 182 $cc$2rdamedia 183 $acr$2rdacarrier 200 10$aKaaps in Fokus 210 1$aStellenbosch :$cAfrican Sun Media,$d2016. 210 4$d©2016. 215 $a1 online resource (151 pages) 311 $a1-928314-15-5 327 $aIntro -- Titelblad -- INHOUD -- VOORWOORD -- DANKWOORD -- DEEL 1: Taalkundige besinnige oor Kaaps -- 1. Die Aard en Konteks van Kaaps: 'n Hedendaagse, Verledetydse en Toekomsperspektief -- Opsomming -- 1.1 Inleiding -- 1.2 Die onderskeidende aard van Kaaps -- 1.3 Kaaps in taal-politieke perspektief -- 1.4 Kaaps in toekomsperspektief -- 1.5 Slotopmerkings -- Verwysings -- 2. Die Historiese Dinamika van Kaaps - Toe en Nou -- Opsomming -- 2.1 Inleiding -- 2.2 Taalvormingsfaktore -- 2.3 Sosiale faktore -- 2.4 Taalvariasie -- 2.5 Kontaktale: pidginisering en kreolisering -- 2.6 Verdere herstrukturering -- 2.7 Kaapse Moesliemafrikaans en Kaaps -- 2.8 Kaaps: behoudend e?n progressief -- 2.9 Variasie in Kaaps -- Verwysings -- 3. Twee Betekenisvolle Momente in die Geskiedenis van Kaaps -- Opsomming -- 3.1 Aanloop -- 3.2 Kaaps se eerste betekenisvolle moment: sy begin -- 3.3 Die tweede betekenisvolle moment: Erkenning -- Verwysings -- 4. Konsepomwenteling in die Taalwetenskap: Implikasies vir die Studie van Kaaps -- Opsomming -- 4.1 Inleiding en agtergrond -- 4.2 Teoretiese en konseptuele raamwerk -- 4.3 Watter konsepte word tans bevraagteken? -- 4.4 Ten slotte: die implikasies vir die studie van Kaaps -- Verwysings -- DEEL 2: Beskouinge oor die Kontekstuele Gebruike van Kaaps -- 5. Soppangheid vir Kaaps: Mag, Kreolisering en Kaapse Afrikaans -- Opsomming -- 5.1 Inleiding -- 5.2 Inleidende opmerkings: Standaardafrikaans -- 5.3 Kaapse Afrikaans -- 5.4 Die destigmatisering van Kaaps in die klaskamer -- 5.5 Oogdialek in Afrikaanse poe?sie -- 5.6 Slotsom -- Verwysings -- 6. Kaaps: Tyd dat die Taal van die Kaapse Vlakte in die Formele Skool Verreken Word -- Opsomming -- 6.1 Inleiding -- 6.2 Navorsingsontwerp -- 6.3 Literatuurstudie -- 6.4 Slotwoord: ? toekomsblik -- Verwysings. 327 $a7. Die Tjatjies A'rit is: Etnoteoriee? van Ouers oor Geletterdheid en Opvoeding in Manenberg, Kaapstad -- Opsomming -- 7.1 Inleiding -- 7.2 Teoretiese raamwerk -- 7.3 Ontleding en bespreking van gekose onderhoude -- 7.4 Slot -- Verwysings -- 8. Ekonomiese Bemagtiging deur Kaaps -- Opsomming -- 8.1 Inleiding -- 8.2 Persepsieverandering -- 8.3 Teoretiese onderbou -- 8.4 Ekonomiese ontleding van die taalgemeenskap -- 8.5 Ten slotte: boustene vir 'n strategiese en operasionele plan -- Verwysings -- 9. Kaaps in Koerante -- Opsomming -- 9.1 Inleiding: agtergrond -- 9.2 Kaaps in Son -- 9.3 Kaaps in tradisioneel Afrikaanse koerante -- 9.4 Slot -- Verwysings -- SAAKREGISTER -- PERSOONSNAAMREGISTER. 608 $aElectronic books. 700 $aHendricks$b Frank$0848020 801 0$bMiAaPQ 801 1$bMiAaPQ 801 2$bMiAaPQ 906 $aBOOK 912 $a9910480548203321 996 $aKaaps in Fokus$91893863 997 $aUNINA LEADER 01536nas 2200505- 450 001 9910140529003321 005 20231021213021.0 011 $a2336-3207 035 $a(DE-599)ZDB2830179-1 035 $a(OCoLC)923733466 035 $a(CKB)2670000000566488 035 $a(CONSER)--2019238852 035 $a(EXLCZ)992670000000566488 100 $a20151012a20149999 s-- a 101 0 $aeng 135 $aur||||||||||| 181 $ctxt$2rdacontent 182 $cc$2rdamedia 183 $acr$2rdacarrier 200 00$aActa Musei Silesiae$iScientiae naturales 210 1$a[Warsaw, Poland] :$cDe Gruyter Open,$d[2014]- 300 $aRefereed/Peer-reviewed 311 $a2336-3193 531 0 $aActa Mus. Sil., Sci. Nat. 531 00$aActa Mus. Siles. Sci. Natur. 606 $aNatural history$vPeriodicals 606 $aBiology$vPeriodicals 606 $aNatural history$zCzech Republic$vPeriodicals 606 $aNatural history$zEurope, Eastern$vPeriodicals 606 $aBiology$2fast$3(OCoLC)fst00832383 606 $aNatural history$2fast$3(OCoLC)fst01034268 607 $aCzech Republic$2fast 607 $aEastern Europe$2fast 608 $aPeriodicals.$2fast 615 0$aNatural history 615 0$aBiology 615 0$aNatural history 615 0$aNatural history 615 7$aBiology. 615 7$aNatural history. 712 02$aSlezské zemské muzeum v Opav?, 906 $aJOURNAL 912 $a9910140529003321 996 $aActa Musei Silesiae$91942355 997 $aUNINA